000
00458nam a2200145Ia 4500
008
100122s9999 xx 000 0 und d
082
_b
50619
_a
823
100
_a
यादवाडकर प्रकाश
245
_a
मंत्रयुध्द
260
_b
मेहता पब्लिकेशन हाऊस
_c
1995
300
_a
262
630
_a
मंत्रयुध्द
730
_a
मंत्रयुध्द
942
_c
BOOK
999
_c
428291
_d
428288